| 000 | 01007cam a22003254a 4500 | ||
|---|---|---|---|
| 001 | 116163 | ||
| 005 | 20230410103924.0 | ||
| 008 | 980420s2003 nyuab b 001 0 eng | ||
| 035 | _9(DLC) 98020065 | ||
| 035 | _a1198007 | ||
| 010 | _a 98020065 | ||
| 020 | _a1566562376 | ||
| 040 |
_aDLC _cDLC _dDLC |
||
| 041 | 1 |
_aeng _hfre |
|
| 042 | _apcc | ||
| 043 | _aaw----- | ||
| 050 | 1 | 4 |
_a439 DS 62.8 _bM421m 2003 |
| 082 | 0 | 0 | _a956.9405 |
| 100 | 1 | _aMassoulié, Francóis. | |
| 240 | 1 | 0 |
_aConflits du Proche-Orient. _lEnglish |
| 245 | 1 | 0 |
_aMiddle East conflicts / _cFrancóis Massoulié. |
| 260 |
_aNew York : _bInterlink Books, _c2003. |
||
| 300 |
_a160 p. : _bill. (some col.), maps (some col.) ; _c20 cm. |
||
| 440 | 0 | _aInterlink illustrated histories | |
| 504 | _aIncludes bibliographical references (p. 155) and index. | ||
| 650 | 0 |
_aMiddle East _xPolitics and government _y20th century. |
|
| 650 | 4 |
_aMedio Oriente _xPolíticas y gobierno _ySiglo XX. |
|
| 942 |
_2lcc _cbk |
||
| 946 | _arsfv | ||
| 999 |
_c28493 _d28493 |
||